Every Major City in Jordan And Palestine - Statistics

General Stats
  • This quiz has been taken 15 times
  • The average score is 4 of 5
Answer Stats
Answer % Correct
Amman
93%
Gaza
93%
Jerusalem
73%
Zarqa
60%
Irbid
53%
No matching quizzes found
Score Distribution
Percent of People with Each Score
Percentile by Number Answered
Your Score History
You have not taken this quiz